000 00599nam a22002417a 4500
003 LK-CoDNM
005 20250123144716.0
008 250123b |||||||| |||| 00| 0 eng d
040 _aLK-CoDNM
_dLK-CoDNM
_eLK-CoDNM
041 _aeng
080 _a13
_bC24
100 _aShipley Sir Arthur E.
245 _aLife
_bA Book For Elementary Student
260 _aCambridge
_bAt The University Press
_g1932
300 _axvi, 204p. : ill ; 19 cm
650 _aScience
650 _aProtoplasm
650 _aplant
650 _aFoods
650 _aPlanet
650 _aAnimals
942 _cBK
999 _c237356
_d237356